000
00240nam a2200097Ia 4500
001
832946
005
20250826172405.0
008
250824s9999 xx 000 0 und d
245
0
_a
KURT KAPANI
_c
AHMET BAKİ YERLİ
260
_b
ACAYİP YAYINLARI
999
_c
832946
_d
832946